| Tag |
First Indicator |
Second Indicator |
Subfields |
| LEADER |
00000pam a2200000 4500 |
| 001 |
in00000257595 |
| 005 |
20151010053650.0 |
| 008 |
740126s1974 nyua j 00100 eng |
| 010 |
|
|
|a 74001131
|
| 020 |
|
|
|a 0819307270 (lib. bdg.)
|
| 035 |
|
|
|a (OCoLC)00805949
|
| 035 |
|
|
|9 ABC5313AM
|
| 040 |
|
|
|a DLC
|c DLC
|d TXA
|d UtOrBLW
|
| 043 |
|
|
|a nwvi---
|
| 049 |
|
|
|a TXAM
|c [1102010]
|
| 050 |
0 |
0 |
|a F2136
|b .H63
|
| 082 |
0 |
|
|a 917.29/722/03
|
| 100 |
1 |
|
|a Holbrook, Sabra.
|
| 245 |
1 |
0 |
|a American Virgin Islanders: on St. Croix, St. John, and St. Thomas /
|c Illustrated by Haru Wells.
|
| 264 |
|
1 |
|a New York :
|b Parents' Magazine Press,
|c [1974]
|
| 300 |
|
|
|a 64 pages :
|b color illustrations ;
|c 24 cm.
|
| 336 |
|
|
|a text
|b txt
|2 rdacontent
|
| 337 |
|
|
|a unmediated
|b n
|2 rdamedia
|
| 338 |
|
|
|a volume
|b nc
|2 rdacarrier
|
| 490 |
1 |
|
|a Finding-out books
|
| 520 |
|
|
|a An introduction to life, past and present, on the three American Virgin Islands, including their history, customs, problems, and people.
|
| 651 |
|
0 |
|a United States Virgin Islands
|x Juvenile literature.
|
| 651 |
|
1 |
|a Virgin Islands of the United States.
|
| 700 |
1 |
|
|a Wells, Haru.
|
| 830 |
|
0 |
|a Finding-out books.
|
| 999 |
|
|
|a MARS
|
| 999 |
f |
f |
|s 34f4c00e-a0c9-3d20-9c66-315f32c83839
|i 8b7709f7-5734-3b4b-870d-7df19d18c044
|t 0
|
| 952 |
f |
f |
|p ric
|a Texas A&M University
|b Rellis Campus
|c Joint Library Facility
|d Remote Storage
|t 0
|e F2136 .H63
|h Library of Congress classification
|i unmediated -- volume
|m A14802361815
|
| 998 |
f |
f |
|a F2136 .H63
|t 0
|l Remote Storage
|